|
|
|
|
| LEADER |
00000nam0a2200000 4500 |
| 001 |
136910 |
| 005 |
20231101220641.0 |
| 020 |
|
|
|a RU
|b 87-6816
|
| 035 |
|
|
|a (RuTPU)RU\TPU\book\148392
|
| 090 |
|
|
|a 136910
|
| 100 |
|
|
|a 20080429d1986 m a0rusy5003 ca
|
| 101 |
0 |
|
|a rus
|
| 102 |
|
|
|a RU
|
| 105 |
|
|
|a a z 101zy
|
| 200 |
1 |
|
|a Материалы научной конференции по проблемам гидрологии рек зоны БАМ и Дальнего Востока, сентябрь 1983 г., Владивосток
|f Дальневосточный региональный научно-исследовательский институт ; под ред. В. Н. Глубокова
|
| 210 |
|
|
|a Ленинград
|c Гидрометеоиздат
|d 1986
|
| 215 |
|
|
|a 511 с.
|c ил.
|
| 320 |
|
|
|a Библиография в конце статей
|
| 610 |
1 |
|
|a гидрогеология
|
| 675 |
|
|
|a 556.52
|v 3
|
| 702 |
|
1 |
|a Глубоков
|b В. Н.
|4 340
|
| 712 |
0 |
2 |
|a Дальневосточный региональный научно-исследовательский институт
|2 stltpush
|3 (RuTPU)RU\TPU\col\13850
|9 25801
|
| 801 |
|
0 |
|a RU
|b RuMRKP
|c 19950417
|g psbo
|
| 801 |
|
1 |
|a RU
|b 63413507
|c 20080429
|g PSBO
|
| 801 |
|
2 |
|a RU
|b 63413507
|c 20090113
|g PSBO
|
| 942 |
|
|
|c BK
|